000331090 001__ 331090
000331090 005__ 20251114173449.0
000331090 0247_ $$aG:(GEPRIS)512648189$$d512648189
000331090 035__ $$aG:(GEPRIS)512648189
000331090 040__ $$aGEPRIS$$chttp://gepris.its.kfa-juelich.de
000331090 150__ $$aOpen-Access-Publikationskosten / 2026-2027 / Friedrich-Schiller-Universität Jena$$y2022 -
000331090 371__ $$aDr. Andreas Klinger
000331090 450__ $$aDFG project G:(GEPRIS)512648189$$wd$$y2022 -
000331090 5101_ $$0I:(DE-588b)2007744-0$$aDeutsche Forschungsgemeinschaft$$bDFG
000331090 680__ $$aDas vorliegende Projektvorhaben der Thüringer Universitäts- und Landesbibliothek zielt auf die Weiterentwicklung der Open-Access-Infrastruktur der Friedrich-Schiller-Universität Jena und die Schaffung der Grundlage für eine nachhaltige Finanzierung des Open-Access-Publizierens. Aufbauend auf zwei vorangegangene Phasen, in denen der Open-Access-Anteil am Publikationsaufkommen der Universität Jena erhöht und ein Kosten- und Publikationsmonitoring etabliert wurde, fokussiert die dritte Phase (2026-2027) auf die Implementierung einer umfassenden Open-Science-Strategie, die Optimierung des Open-Access-Monitorings hin zu einem virtuellen Informationsbudget sowie die Stärkung wissenschaftseigener Publikationsinfrastrukturen. Das Arbeitsprogramm umfasst die Strategieentwicklung und Vernetzung, den Ausbau des Kosten- und Publikationsmonitorings inklusive der Universitätsbibliographie sowie die Optimierung der Open-Access-Infrastrukturen für Publikationen und Forschungsdaten. Durch diese Maßnahmen werden die Voraussetzungen für eine transparente, effiziente und bedarfsorientierte Open-Access-Transformation an der Universität Jena geschaffen und die Sichtbarkeit der Forschungsergebnisse nachhaltig erhöht.
000331090 909CO $$ooai:juser.fz-juelich.de:998026$$pauthority$$pauthority:GRANT
000331090 909CO $$ooai:juser.fz-juelich.de:998026
000331090 980__ $$aG
000331090 980__ $$aAUTHORITY